000 00483nam a2200217Ia 4500
001 087696
003 YMCAF
005 20230512161624.0
008 100717s2003 ||||||||||||||||| ||und|d
024 _a87696
035 _a27155
040 _aYMCAF
_beng
_cIN-KoLT
041 _aeng
082 _a005.43
_bSIN
100 _aSinghal and Shivaratri
245 0 _aAdvanced concepts in operating system
250 _a5th
260 _bTMH
_c2003
300 _a522
942 _2ddc
_cBK
999 _c9292
_d9292